LEADER 00781nam0-22003011i-450- 001 990001072340403321 005 20070201171058.0 035 $a000107234 035 $aFED01000107234 035 $a(Aleph)000107234FED01 035 $a000107234 100 $a20001205d1961----km-y0itay50------ba 101 0 $aeng 102 $aFR 200 1 $aStudy abroad$fUNESCO 210 $aParis$cUNESCO$d1961 610 0 $aReferenze 610 0 $aWho is who 610 0 $aElenchi vari 676 $a080 710 02$aUNESCO$9$013162 801 0$aIT$bUNINA$gRICA$2UNIMARC 901 $aBK 912 $a990001072340403321 952 $a02-015$b2419$fFI1 959 $aFI1 996 $aStudy abroad$9336469 997 $aUNINA